[Event "5. Int. Neckar-Open (A)"]
[Site "Deizisau"]
[Date "2001.04.15"]
[Round "7"]
[White "Balinov, Ilija"]
[Black "Gheng, Josef"]
[Result "1-0"]
[WhiteElo "2482"]
[BlackElo "2341"]
[PlyCount "103"]

1. e4 c5 2. Nf3 d6 3. d4 cxd4 4. Nxd4 Nf6 5. Nc3 g6 6. Be2 Bg7 7. O-O O-O 8.
Re1 Nc6 9. Nb3 a5 10. a4 Be6 11. Bf1 Rc8 12. Nd5 Nd7 13. c3 Kh8 14. Bg5 f6 15.
Be3 f5 16. Bd4 Nxd4 17. Nxd4 Bg8 18. Nf4 fxe4 19. Nfe6 Bxe6 20. Nxe6 Qb6 21.
Nxf8 Rxf8 22. Qc2 d5 23. Rad1 Nf6 24. Bb5 Ng4 25. Re2 Qd6 26. g3 Qe6 27. Qb3
Rf5 28. h3 Ne5 29. Kg2 Rh5 30. Rh1 Qf7 31. Kg1 Rf5 32. Kg2 Rf3 33. Rd1 e6 34.
Qc2 Bf8 35. c4 h5 36. cxd5 exd5 37. Qc8 e3 38. Rf1 d4 39. Qd8 Rf6 40. Qxd4 Bd6
41. Rxe3 Qg7 42. f4 Nf7 43. Bc4 b6 44. Re6 Rxe6 45. Qxg7+ Kxg7 46.
Bxe6 Nd8 47. Bd5 Bc5 48. Re1 Kf8 49. Kf3 Be7 50. g4 hxg4+ 51. hxg4 Ke8 52. Rh1
1-0

[Event "5. Int. Neckar-Open (B)"]
[Site "Deizisau"]
[Date "2001.04.15"]
[Round "7"]
[White "Kramer, Wolfgang"]
[Black "Wagner, Gerd"]
[Result "1/2-1/2"]
[WhiteElo "1895"]
[BlackElo "1934"]
[PlyCount "23"]

1. e4 c6 2. d4 d5 3. e5 c5 4. dxc5 Nc6 5. Bb5 e6 6. Be3 Nge7 7. Bg5 Qa5+ 8. Nc3
Ng6 9. Nf3 Bxc5 10. a3 Qc7 11. b4 Be7 12. Bxe7 1/2-1/2

[Event "5. Int. Neckar-Open (B)"]
[Site "Deizisau"]
[Date "2001.04.15"]
[Round "7"]
[White "Holzapfel, Johannes"]
[Black "Pogorelow, Ewgeni"]
[Result "1-0"]
[WhiteElo "1927"]
[BlackElo "1887"]
[PlyCount "57"]

1. Nf3 f5 2. g3 Nf6 3. Bg2 e6 4. d3 d5 5. Nbd2 Be7 6. O-O O-O 7. b3 c6 8. Bb2
Bd7 9. Ne5 Be8 10. Ndf3 h6 11. Nd4 Bf7 12. Nxf7 Kxf7 13. e4 c5 14. Nf3 Nc6 15.
exd5 exd5 16. Ne5+ Nxe5 17. Bxe5 Qd7 18. Qf3 Rad8 19. c4 b6 20. Rae1 d4 21.
Bxf6 Kxf6 22. Re2 Bd6 23. Rfe1 Rde8 24. Qh5 Rxe2 25. Rxe2 Rh8 26. Bd5
g6 27. Qh4+ Kg7 28. Re6 Re8 29. Qf6+ 1-0